Promising rubber planting materials and the concept of multiclone planting (Record no. 65940)

MARC details
000 -LEADER
fixed length control field 00537nam a2200157Ia 4500
100 ## - MAIN ENTRY--AUTHOR NAME
Personal name Licy J
245 #0 - TITLE STATEMENT
Title Promising rubber planting materials and the concept of multiclone planting
260 ## - PUBLICATION, DISTRIBUTION, ETC. (IMPRINT)
Name of publisher Papers presented at the Seminar on Reduction of Immaturity Period and New Clones of Hevea, UPASI, Kottayam, 1997
650 ## - SUBJECT ADDED ENTRY--TOPICAL TERM
Topical Term Multiclone planting
650 ## - SUBJECT ADDED ENTRY--TOPICAL TERM
Topical Term Planting materials
650 ## - SUBJECT ADDED ENTRY--TOPICAL TERM
Topical Term Rubber clones
700 ## - ADDED ENTRY--PERSONAL NAME
Personal name Mercykutty V C
700 ## - ADDED ENTRY--PERSONAL NAME
Personal name Saraswathyamma C K
942 ## - ADDED ENTRY ELEMENTS (KOHA)
Koha item type Journals
Holdings
Withdrawn status Lost status Damaged status Not for loan Home library Current library Shelving location Date acquired Koha item type
      Journals RRII Library RRII Library Botany 17/12/2021 Journals